| 000 | 004650000a22001810004500 | ||
|---|---|---|---|
| 003 | MACL | ||
| 005 | 20160102135917.0 | ||
| 008 | 160102b xxu||||| |||| 00| 0 eng d | ||
| 040 |
_aMACL _cMACL |
||
| 041 | _aEnglish | ||
| 082 | _a617.968/HOW | ||
| 100 |
_aHowkins, John _921553 |
||
| 245 | _aShaw's textbook of Gynaecology | ||
| 260 |
_bB I Publications P Ltd _c1986 _aBombay |
||
| 350 | _a70 | ||
| 650 |
_aMedical Science _927146 |
||
| 942 |
_cBK _k617.968/HOW _2ddc |
||
| 999 |
_c33683 _d33683 |
||